Football Club Legends by Picture - Statistics

General Stats
  • This quiz has been taken 240 times
  • The average score is 15 of 16
Answer Stats
Picture Hint Answer % Correct
🇵🇹 RMA: 2009-2018 Cristiano Ronaldo
100%
🇦🇷 BAR: 2004-2021 Lionel Messi
100%
🏴󠁧󠁢󠁥󠁮󠁧󠁿 TOT: 2009-2023 Harry Kane
98%
🇸🇪 PSG: 2012-2016 Zlatan Ibrahimović
98%
🇧🇪 MCI: 2015-2025 Kevin de Bruyne
96%
🏴󠁧󠁢󠁥󠁮󠁧󠁿 MUN: 2004-2017 Wayne Rooney
96%
🇫🇷 ARS: 1999-2007 Thierry Henry
95%
🇮🇹 JUV: 2001-18,19-21 Gianluigi Buffon
93%
🇩🇪 BAY: 2011- Manuel Neuer
92%
🏴󠁧󠁢󠁥󠁮󠁧󠁿 LIV: 1998-2015 Steven Gerrard
90%
🏴󠁧󠁢󠁥󠁮󠁧󠁿 LEI: 2012-2025 Jamie Vardy
89%
🇮🇹 MIL: 1984-2009 Paolo Maldini
88%
🇪🇸 ATM: 2001-07,16-18 Fernando Torres
85%
🇩🇪 DOR: 2012-2024 Marco Reus
85%
🇮🇹 ROM: 1993-2017 Francesco Totti
84%
🏴󠁧󠁢󠁥󠁮󠁧󠁿 CHE: 1998-2017 John Terry
82%
No matching quizzes found
Score Distribution
Percent of People with Each Score
Percentile by Number Answered
Your Score History
You have not taken this quiz